LEADER 01589nam a2200349 u 4500 001 000000075342 003 CaOOAMICUS 005 20180131095418.0 008 030610s2003 it u000 u ita u 020 $a8846502701 032 $aLibriCat 035 $a10964106 040 $aPUL$bita 245 03$aIl processo penale canonico /$cM. J. Arroba Conde ... [et al.] ; a cura di Zbigniew Suchecki. 260 $aRoma :$bLateran University Press,$cc2003. 300 $a455 p. ;$c25 cm 490 1 $aQuaderni di Apollinaris 500 $aComprende riferimenti bibliografici e indice. 500 $aNon presente numero di volume di collana. 650 4$aDiritto canonico penale.$0(OLS)http://pul/subject/999 700 1 $aSuchecki, Zbigniew,$cO.F.M. Conv.$0(OLS)http://pul/name/5270 700 1 $aArroba Conde, Manuel Jesus,$cC.M.F.,$d1957-$0(OLS)http://pul/name/8411 830 0$aQuaderni di Apollinaris.$0(OLS)http://pul/title/55456 850 $aPUL 852 $aPUL$W1$xSL Diritto Canonico 3$y77$m262. 9 COLL 11.2.3$j96981$nBK-PRI$b $qDDC 21$B96981$CPULBib$Z2$F96981 $H92476 $81 852 $aPUL$W1$xSL Diritto Canonico 3$y77$m262. 99 CAN.2 8B$j96982$nBK-PRI$bDDC 21$q $B96982$CPULBib$Z2$F96982 $H91519 $81 941 1 $a9 960 $aDiritto penale canonico$9999 996 $6020$a8846502701$9(OLS)http://pul/number/98228 996 $6245$aIl processo penale canonico$9(OLS)http://pul/title/65332 996 $6260$aRoma :$bLateran University Press$9(OLS)http://pul/publisher/74370 LEADER 00967nam a2200253 u 4500 001 000000081791 003 CaOOAMICUS 005 20070226123807.0 008 050331s1931 it u000 u ita u 035 $a11036682 040 $aPUL(R)$bita 100 1 $aCerchiari, Gian Luigi,$d1880-$0(OLS)http://pul/name/54461 245 13$aLa rabdomanzia /$cLuigi Cerchiari. 260 $aRoma :$bEdoardo Tinto,$c1931. 300 $a31 p. ;$c17 cm 490 1 $aBiblioteca dei Curiosi ;$v55 650 4$aTeologia.$0(OLS)http://pul/subject/118 650 4$aScienze occulte.$0(OLS)http://pul/subject/450 830 0$aBiblioteca dei Curiosi (Edoardo Tinto) ;$v55.$0(OLS)http://pul/title/106908 850 $aPUL 852 $aPUL$W1$xDP1 Fondo Cecchetti$y53$m260 S 74$j104281$nBK-PRI$b $qFondi$B104281$CPULBib$Z2$F104281 $82 941 1 $a1 996 $6245$aLa rabdomanzia$9(OLS)http://pul/title/106925 996 $6260$aRoma :$bEdoardo Tinto$9(OLS)http://pul/publisher/76108